Signing : (Record no. 118061)
[ view plain ]
| 000 -LEADER | |
|---|---|
| fixed length control field | 00540nam a2200181Ia 4500 |
| 008 - FIXED-LENGTH DATA ELEMENTS--GENERAL INFORMATION | |
| fixed length control field | 140609s9999 xx 000 0 und d |
| 020 ## - INTERNATIONAL STANDARD BOOK NUMBER | |
| International Standard Book Number | 9780553375398 |
| 050 ## - LIBRARY OF CONGRESS CALL NUMBER | |
| Classification number | HV 2474 |
| Item number | .C67 1995 |
| 100 ## - MAIN ENTRY--PERSONAL NAME | |
| Personal name | Costello, Elaine. |
| 245 ## - TITLE STATEMENT | |
| Title | Signing : |
| Remainder of title | how to speak with your hands / |
| Statement of responsibility, etc | Elaine Costello ; illustrated by Lois A. Lehman |
| 250 ## - EDITION STATEMENT | |
| Edition statement | Rev. ed. |
| 260 ## - PUBLICATION, DISTRIBUTION, ETC. (IMPRINT) | |
| Place of publication, distribution, etc | Toronto ; New York : |
| Name of publisher, distributor, etc | Bantam Books, |
| Date of publication, distribution, etc | c1995. |
| 300 ## - PHYSICAL DESCRIPTION | |
| Extent | 262 p. : |
| Other physical details | ill. ; |
| Dimensions | 28 cm. |
| 500 ## - GENERAL NOTE | |
| General note | Includes index. |
| 521 ## - TARGET AUDIENCE NOTE | |
| Target audience note | |
| 942 ## - ADDED ENTRY ELEMENTS (KOHA) | |
| Call number prefix | Foreign |
| Koha item type | Books |
| Withdrawn status | Lost status | Damaged status | Home library | Current library | Shelving location | Date acquired | Cost, normal purchase price | Total Checkouts | Full call number | Barcode | Date last seen | Price effective from | Koha item type |
|---|---|---|---|---|---|---|---|---|---|---|---|---|---|
| College Library | College Library | General Circulation Section | 06/09/2014 | 877.00 | HV 2474 .C67 1995 | C18349 | 05/15/2018 | 06/09/2014 | Books |